000 00372nam a22001577a 4500
003 OSt
008 250502b |||||||| |||| 00| 0 eng d
020 _a9788188388905
100 _aGURUDHAT
245 _a(Historical Novel)Astanchal Ki Or
250 _a22th
260 _aNew Delhi
_bHindi Sahitya Sadhan
_c2022
300 _a309
650 _aGeneral
942 _2ddc
_cBK
999 _c13494
_d13494